<?xml version="1.0" encoding="UTF-8"?>
<marc:record xmlns:marc="http://www.loc.gov/MARC21/slim">
   <marc:leader>00000nam a2200000 a 4500</marc:leader>
   <marc:datafield ind1="1" ind2=" " tag="100">
      <marc:subfield code="a">Seven Deers, Sanna</marc:subfield>
      <marc:subfield code="4">aut</marc:subfield>
      <marc:subfield code="e">Verfasser/-in</marc:subfield>
   </marc:datafield>
   <marc:datafield ind1=" " ind2=" " tag="653">
      <marc:subfield code="a">Grund- und weiterführende Schulen</marc:subfield>
   </marc:datafield>
   <marc:datafield ind1=" " ind2=" " tag="653">
      <marc:subfield code="a">Indianer</marc:subfield>
   </marc:datafield>
   <marc:datafield ind1=" " ind2=" " tag="653">
      <marc:subfield code="a">Wildnis</marc:subfield>
   </marc:datafield>
   <marc:datafield ind1=" " ind2=" " tag="653">
      <marc:subfield code="a">Krimi für Kinder</marc:subfield>
   </marc:datafield>
   <marc:datafield ind1=" " ind2=" " tag="653">
      <marc:subfield code="a">Krimiserie für Kinder</marc:subfield>
   </marc:datafield>
   <marc:datafield ind1="0" ind2="0" tag="245">
      <marc:subfield code="a">Beaver Creek Ranch</marc:subfield>
   </marc:datafield>
   <marc:datafield ind1="0" ind2="0" tag="245">
      <marc:subfield code="c">Sanna Seven Deers</marc:subfield>
   </marc:datafield>
   <marc:datafield ind1=" " ind2="1" tag="264">
      <marc:subfield code="a">Gifkendorf</marc:subfield>
      <marc:subfield code="b">Little Tiger Verlag GmbH</marc:subfield>
      <marc:subfield code="c">2011</marc:subfield>
   </marc:datafield>
   <marc:datafield ind1=" " ind2=" " tag="250">
      <marc:subfield code="a">1. Aufl.</marc:subfield>
   </marc:datafield>
   <marc:datafield ind1="1" ind2=" " tag="520">
      <marc:subfield code="a">Angaben aus der Verlagsmeldung

Das Geheimnis des Goldgräbers : Beaver Creek Ranch, Bd. 1 / von Sanna Seven Deers

Damit haben die Yellow Eagle-Geschwister nicht mehr gerechnet: dass diese
Sommerferien noch so richtig aufregend werden.
Alles fängt damit an, dass der zwölfjährige Rick aus Deutschland zu ihnen in die kana-
dischen Rocky Mountains kommt. Damit seine Eltern in Ruhe das neue Haus herrichten
können, soll er den Sommer über bei den Yellow Eagles bleiben. Rick hat keine Ahnung
vom Leben in er Wildnis und weiß nicht, welche Gefahren dort lauern. Kein Wunder,
dass Lucy, Sam, Joey und die kleine Annie anfangs ganz schön genervt sind. Sollen sie
nun Babysitter für ein verwöhntes deutsches Großstadtkind spielen?
Doch dann entdecken Sam und Joey eines Abends ein geheimnisvolles Licht am Berg
oberhalb der Ranch. Unversehens geraten die fünf in eine brenzlige Situation, aus der
sie nur gemeinsam wieder herauskommen können. Und Rick und die anderen müssen
beweisen, dass sie richtig gute Detektive sind.
Spannung pur ab 9 Jahren – im Stil der legendären „Fünf-Freunde-Romane“.
</marc:subfield>
   </marc:datafield>
   <marc:datafield ind1=" " ind2=" " tag="020">
      <marc:subfield code="a">9783931081751</marc:subfield>
      <marc:subfield code="9">9783931081751</marc:subfield>
   </marc:datafield>
   <marc:datafield ind1=" " ind2=" " tag="041">
      <marc:subfield code="a">ger</marc:subfield>
   </marc:datafield>
   <marc:datafield ind1=" " ind2=" " tag="300">
      <marc:subfield code="a">163 S.</marc:subfield>
   </marc:datafield>
</marc:record>
